[Event "Happy New Year 2016!"]
[Site "SchemingMind.com"]
[Date "2016.01.06"]
[Round "-"]
[White "flyinduck"]
[Black "CLewis73"]
[Result "1-0"]
[WhiteCountry "CAN"]
[BlackCountry "ENG"]
[WhiteElo "2050"]
[WhiteRD "53"]
[BlackElo "1733"]
[BlackRD "70"]
[GameID "393346"]

1. d4 Nf6 2. c4 g6 3. Nc3 Bg7 4. e4 d6 5. Be2 O-O 6. Bg5 c5 7. d5 Qa5 8. Bd2 Qd8 9. Nf3 Bg4 10. O-O Na6
11. h3 Bxf3 12. Bxf3 Nd7 13. Bg5 Ne5 14. Be2 h6 15. Be3 Qa5 16. Bd2 Qd8 17. f4 Nd7 18. Kh1 Kh7 19. Bd3 Nb4 20. Bb1 Na6
21. a3 Nc7 22. Bd3 Kg8 23. Qe2 Kh7 24. Rae1 f6 25. Nd1 a6 26. a4 a5 27. Bc3 b6 28. Nf2 Na6 29. Ng4 Nb4 30. Bb1 Qc7
31. h4 h5 32. Nh2 Rh8 33. g4 Kg8 34. e5 Nf8 35. exf6 exf6 36. f5 hxg4 37. Qxg4 Qd7 38. Re6
1-0

[Event "Happy New Year 2016!"]
[Site "SchemingMind.com"]
[Date "2016.01.07"]
[Round "-"]
[White "Mortadulo"]
[Black "flyinduck"]
[Result "1-0"]
[WhiteCountry "USA"]
[BlackCountry "CAN"]
[WhiteElo "2185"]
[WhiteRD "76"]
[BlackElo "2050"]
[BlackRD "53"]
[GameID "393347"]

1. Nc3 d5 2. e4 d4 3. Nce2 c5 4. Ng3 Nc6 5. Nf3 a6 6. Bc4 e6 7. a4 Nf6 8. O-O Be7 9. c3 O-O 10. d3 e5
11. Bd2 Be6 12. Bxe6 fxe6 13. Qb3 Qd7 14. Ng5 Nd8 15. cxd4 cxd4 16. Nf5 Re8 17. Nxe7+ Rxe7 18. Rfc1 h6 19. Nf3 Nf7 20. Qb6 Ne8
21. Bb4 Ned6 22. Nxe5 Nxe5 23. Qxd6 Ng6 24. Qg3 Kh7 25. Bxe7 Qxe7 26. Rc7
1-0

[Event "Happy New Year 2016!"]
[Site "SchemingMind.com"]
[Date "2016.01.06"]
[Round "-"]
[White "flyinduck"]
[Black "Mortadulo"]
[Result "0-1"]
[WhiteCountry "CAN"]
[BlackCountry "USA"]
[WhiteElo "2050"]
[WhiteRD "53"]
[BlackElo "2185"]
[BlackRD "76"]
[GameID "393348"]

1. d4 Nf6 2. c4 c5 3. d5 b5 4. cxb5 a6 5. bxa6 g6 6. Nc3 Bxa6 7. g3 Qa5 8. Bg2 d6 9. Nf3 Ne4 10. O-O Nxc3
11. bxc3 Bg7 12. Bb2 Nd7 13. Qc2 O-O 14. Rfb1 Rfb8 15. e4 Rxb2 16. Rxb2 Bxc3 17. Rab1 Bxb2
0-1

[Event "Happy New Year 2016!"]
[Site "SchemingMind.com"]
[Date "2016.01.07"]
[Round "-"]
[White "Scooter"]
[Black "flyinduck"]
[Result "0-1"]
[WhiteCountry "USA"]
[BlackCountry "CAN"]
[WhiteElo "1696"]
[WhiteRD "46"]
[BlackElo "2050"]
[BlackRD "53"]
[GameID "393349"]

1. d4 d5 2. Nf3 Nf6 3. Bf4 e6 4. e3 c5 5. Bb5+ Nc6 6. c3 Bd6 7. Bxd6 Qxd6 8. O-O O-O 9. Bxc6 Qxc6 10. Nbd2 b5
11. Ne5 Qc7 12. Ndf3 a5 13. dxc5 Qxc5 14. Qd4 Qc7 15. Rfd1 Bb7 16. b3 Rfc8 17. Rac1 a4 18. Nd2 axb3 19. axb3 Ne8 20. c4 dxc4
21. bxc4 bxc4 22. Rxc4 Qd8 23. Qxd8 Rxd8 24. Rc7 Nxc7
0-1

[Event "Happy New Year 2016!"]
[Site "SchemingMind.com"]
[Date "2016.01.06"]
[Round "-"]
[White "flyinduck"]
[Black "Scooter"]
[Result "1-0"]
[WhiteCountry "CAN"]
[BlackCountry "USA"]
[WhiteElo "2050"]
[WhiteRD "53"]
[BlackElo "1696"]
[BlackRD "46"]
[GameID "393350"]

1. d4 d5 2. c4 Nf6 3. cxd5 Nxd5 4. Nf3 g6 5. e4 Nf6 6. Nc3 Bg7 7. Be2 Bg4 8. O-O O-O 9. Be3 a6 10. h3 Bxf3
11. Bxf3 c6 12. Qb3 Qc7 13. Rac1 Qd7 14. Rfd1 b5 15. a4 e6 16. d5 cxd5 17. exd5 Nxd5 18. Nxd5 exd5 19. Bxd5 bxa4 20. Qb7
1-0

[Event "Happy New Year 2016!"]
[Site "SchemingMind.com"]
[Date "2016.01.07"]
[Round "-"]
[White "Stephen Woodhouse"]
[Black "flyinduck"]
[Result "0-1"]
[WhiteCountry "ENG"]
[BlackCountry "CAN"]
[WhiteElo "1805"]
[WhiteRD "50"]
[BlackElo "2064"]
[BlackRD "54"]
[GameID "393351"]

1. e4 c5 2. c3 Nf6 3. e5 Nd5 4. d4 cxd4 5. Nf3 Nc6 6. cxd4 d6 7. Bc4 Nb6 8. Bb5 dxe5 9. Nxe5 Bd7 10. Nxd7 Qxd7
11. Nc3 Rd8 12. O-O e6 13. Bg5 Be7 14. Bxe7 Kxe7 15. Qg4 Kf8 16. Rfd1 h5 17. Qe4 a6 18. Bxc6 bxc6 19. Rac1 h4 20. Ne2 Nd5
21. Nf4 Nxf4 22. Qxf4 h3 23. Qf3 Qd5 24. Qxd5 cxd5 25. Rc6 Ra8 26. Rdc1 Ke7 27. Rb6 Rh4 28. Rb4 a5 29. Rb7+ Kf6 30. Rcc7 Rf8
31. Rc5 Rxd4 32. gxh3 a4 33. Ra5 Ke5 34. Raa7 Rf4 35. Kf1 g5 36. Ke2 f5 37. Rg7 Rb4 38. Rxg5 Rxb2+ 39. Ke3 d4+ 40. Kf3 Rxa2
41. Rgg7 Ra3+ 42. Ke2 Rd8 43. Ra5+ Kf6 44. Rg3 d3+ 45. Kd2 Ra2+ 46. Kd1 d2
0-1

[Event "Happy New Year 2016!"]
[Site "SchemingMind.com"]
[Date "2016.01.06"]
[Round "-"]
[White "flyinduck"]
[Black "Stephen Woodhouse"]
[Result "1/2-1/2"]
[WhiteCountry "CAN"]
[BlackCountry "ENG"]
[WhiteElo "2050"]
[WhiteRD "53"]
[BlackElo "1814"]
[BlackRD "48"]
[GameID "393352"]

1. d4 e6 2. e4 d5 3. Nc3 Nf6 4. Bg5 dxe4 5. Nxe4 Be7 6. Bxf6 Bxf6 7. Nf3 O-O 8. Nxf6+ Qxf6 9. Bd3 Nd7 10. O-O e5
11. dxe5 Nxe5 12. Nxe5 Qxe5 13. c3 Bf5 14. Re1 Qf6 15. Bxf5 Qxf5 16. Qe2=
1/2-1/2

[Event "Happy New Year 2016!"]
[Site "SchemingMind.com"]
[Date "2016.01.07"]
[Round "-"]
[White "frankly"]
[Black "flyinduck"]
[Result "1-0"]
[WhiteCountry "ENG"]
[BlackCountry "CAN"]
[WhiteElo "2443"]
[WhiteRD "54"]
[BlackElo "2050"]
[BlackRD "53"]
[GameID "393353"]

1. d4 Nf6 2. c4 e6 3. Nc3 Bb4 4. e3 c5 5. Ne2 b6 6. a3 Ba5 7. Rb1 Na6 8. g3 Bb7 9. d5 b5 10. Bg2 bxc4
11. O-O O-O 12. e4 d6 13. Bg5 h6 14. Bxf6 Qxf6 15. Qa4 Bb6 16. dxe6 Qxe6 17. Nf4 Qe5 18. Nfd5 Nc7 19. Ne3 Rfd8 20. Nxc4 Qe8
21. Qxe8+ Nxe8 22. Rfd1 Rac8 23. e5 Bxg2 24. Kxg2 dxe5 25. Nd5 Bc7 26. Ne7+
1-0

[Event "Happy New Year 2016!"]
[Site "SchemingMind.com"]
[Date "2016.01.06"]
[Round "-"]
[White "flyinduck"]
[Black "frankly"]
[Result "0-1"]
[WhiteCountry "CAN"]
[BlackCountry "ENG"]
[WhiteElo "2050"]
[WhiteRD "53"]
[BlackElo "2443"]
[BlackRD "54"]
[GameID "393354"]

1. d4 Nf6 2. c4 c5 3. d5 b5 4. cxb5 a6 5. bxa6 g6 6. g3 d6 7. Nc3 Bg7 8. Bg2 O-O 9. Nf3 Nbd7 10. O-O Nb6
11. Re1 Bxa6 12. Rb1 Bc4 13. e4 Bxa2 14. Nxa2 Rxa2 15. b4 c4 16. Nd4 Na4 17. Nc6 Qd7 18. Qf3 Ng4 19. Be3 Ne5 20. Nxe5 Bxe5
21. b5 Rb2 22. b6 c3 23. Bf1 Rb8
0-1

[Event "Happy New Year 2016!"]
[Site "SchemingMind.com"]
[Date "2016.01.11"]
[Round "-"]
[White "DANDYLIONHONEYBADGER"]
[Black "flyinduck"]
[Result "0-1"]
[WhiteCountry "USA"]
[BlackCountry "CAN"]
[WhiteElo "1414"]
[WhiteRD "99"]
[BlackElo "2064"]
[BlackRD "54"]
[GameID "393355"]

1. Nc3 e5 2. e4 Nf6 3. Nge2 Nc6 4. f3 Bc5 5. Na4 Be7 6. d4 d5 7. a3 dxe4 8. dxe5 Qxd1+ 9. Kxd1 Nxe5 10. b3 exf3
11. gxf3 Nxf3 12. Nf4 Bf5 13. Bd3 Bxd3 14. cxd3 O-O-O 15. Ke2 Nd4+ 16. Kd2 Nxb3+ 17. Kc3 Nxa1 18. Re1 Bd6 19. Bb2 Bxf4 20. Bxa1 Rhe8
21. Rd1 Bxh2 22. Nc5 b6 23. Ne4 Nxe4+ 24. Kc2 Nc5 25. d4 Re2+ 26. Rd2 Rxd2+ 27. Kc1 Nb3+ 28. Kb1 Re8 29. Bb2 Ree2 30. d5 Rxb2#
0-1

[Event "Happy New Year 2016!"]
[Site "SchemingMind.com"]
[Date "2016.01.11"]
[Round "-"]
[White "flyinduck"]
[Black "DANDYLIONHONEYBADGER"]
[Result "1-0"]
[WhiteCountry "CAN"]
[BlackCountry "USA"]
[WhiteElo "2050"]
[WhiteRD "53"]
[BlackElo "1446"]
[BlackRD "110"]
[GameID "393356"]

1. d4 c6 2. c4 b6 3. e4 Ba6 4. Nc3 e6 5. Be2 d6 6. Nf3 f6 7. O-O Nd7 8. Re1 h6 9. Nh4 g5 10. Bh5+ Ke7
11. Ng6+ Ke8 12. Nxh8+ Ke7 13. Ng6+ Kf7 14. Nxf8+ Kxf8 15. b3 d5 16. Ba3+ c5 17. exd5 f5 18. dxe6 Ndf6 19. dxc5 Nxh5 20. Qxh5 Ke7
21. Qf7#
1-0

[Event "Happy New Year 2016!"]
[Site "SchemingMind.com"]
[Date "2016.01.09"]
[Round "-"]
[White "CLewis73"]
[Black "emvarela"]
[Result "1/2-1/2"]
[WhiteCountry "ENG"]
[BlackCountry "ARG"]
[WhiteElo "1733"]
[WhiteRD "70"]
[BlackElo "1709"]
[BlackRD "48"]
[GameID "393523"]

1. Nf3 d5 2. g3 c5 3. Bg2 Nc6 4. O-O Nf6 5. d3 g6 6. Nbd2 Bg7 7. e4 dxe4 8. dxe4 Bg4 9. Re1 Qc7 10. h3 Bxf3
11. Nxf3 Rd8 12. Qe2 O-O 13. Bg5 e5 14. c3 a6 15. Rad1 Rxd1 16. Rxd1 Rd8 17. Rxd8+ Nxd8 18. Bxf6 Bxf6 19. Qd2 Nc6 20. Qd5 Ne7
21. Qd2=
1/2-1/2

[Event "Happy New Year 2016!"]
[Site "SchemingMind.com"]
[Date "2016.01.13"]
[Round "-"]
[White "emvarela"]
[Black "CLewis73"]
[Result "1/2-1/2"]
[WhiteCountry "ARG"]
[BlackCountry "ENG"]
[WhiteElo "1720"]
[WhiteRD "49"]
[BlackElo "1689"]
[BlackRD "69"]
[GameID "393524"]

1. e4 Nf6 2. e5 Nd5 3. d4 d6 4. Nf3 Bg4 5. c4 Nb6 6. Be2 dxe5 7. Nxe5 Bxe2 8. Qxe2 g6 9. Be3 Bg7 10. Nc3 O-O
11. Rd1 c6 12. O-O N8d7 13. Nxd7 Qxd7 14. d5 Bxc3 15. bxc3 Rac8 16. Bxb6 axb6 17. dxc6 Qxc6 18. Qxe7 Qxc4 19. Qb4 Qxc3 20. Qxc3 Rxc3
21. Rb1 Ra3 22. Rxb6 Rxa2 23. Rxb7=
1/2-1/2

[Event "Happy New Year 2016!"]
[Site "SchemingMind.com"]
[Date "2016.01.12"]
[Round "-"]
[White "Mortadulo"]
[Black "emvarela"]
[Result "1-0"]
[WhiteCountry "USA"]
[BlackCountry "ARG"]
[WhiteElo "2185"]
[WhiteRD "76"]
[BlackElo "1709"]
[BlackRD "48"]
[GameID "393525"]

1. Nc3 Nf6 2. e4 e5 3. f4 d5 4. fxe5 Nxe4 5. Nf3 Bg4 6. Qe2 Nxc3 7. dxc3 Bxf3 8. Qxf3 Nc6 9. Bf4 Qd7 10. O-O-O O-O-O
11. Bc4 Ne7 12. Bg5 h6 13. Bxe7 Qxe7 14. Bxd5 c6 15. Qf5+ Kb8 16. Bxf7 g5 17. Rxd8+ Qxd8 18. Rd1 Qc8 19. Qf6 Bc5 20. e6
1-0

[Event "Happy New Year 2016!"]
[Site "SchemingMind.com"]
[Date "2016.01.10"]
[Round "-"]
[White "emvarela"]
[Black "Mortadulo"]
[Result "0-1"]
[WhiteCountry "ARG"]
[BlackCountry "USA"]
[WhiteElo "1709"]
[WhiteRD "48"]
[BlackElo "2185"]
[BlackRD "76"]
[GameID "393526"]

1. e4 c5 2. Nf3 d6 3. d4 cxd4 4. Nxd4 Nf6 5. Nc3 a6 6. Be3 Ng4 7. Bg5 h6 8. Bh4 g5 9. Bg3 Bg7 10. h3 Ne5
11. Bxe5 Bxe5 12. Nde2 Be6 13. Nd4 Qb6 14. Nxe6 fxe6 15. Na4 Qa5+ 16. c3 b5
0-1

[Event "Happy New Year 2016!"]
[Site "SchemingMind.com"]
[Date "2016.01.09"]
[Round "-"]
[White "emvarela"]
[Black "Scooter"]
[Result "0-1"]
[WhiteCountry "ARG"]
[BlackCountry "USA"]
[WhiteElo "1720"]
[WhiteRD "49"]
[BlackElo "1677"]
[BlackRD "48"]
[GameID "393527"]

1. e4 c6 2. d4 d5 3. Nc3 dxe4 4. Nxe4 Bf5 5. Ng3 Bg6 6. Nf3 Nd7 7. h4 h6 8. h5 Bh7 9. Bd3 Bxd3 10. Qxd3 Qc7
11. Ne5 Nxe5 12. dxe5 Qxe5+ 13. Qe3 Qxe3+ 14. Bxe3 Nf6 15. O-O-O e6 16. f3 Nd5 17. Rhe1 Bd6 18. Ne4 Bc7 19. Bd4 O-O 20. Bc5 Rfd8
21. c4 Nf4 22. Bd6 Bxd6 23. Nxd6 Nxg2 24. Re2 Nf4 25. Red2 Rd7 26. Ne4 Rxd2 27. Rxd2 Nxh5 28. Rd7 Rb8 29. Nd6 Nf4 30. Rxf7 Nd3+
31. Kc2 Nc5 32. b4 Na6 33. a3 Rd8 34. Rxb7 Rxd6 35. Rxa7 Nb8 36. Rb7 Nd7 37. c5 Rd5 38. Rc7 Ne5 39. Re7 Nxf3 40. a4 Nd4+
41. Kc3 Kf8 42. Rc7 h5 43. a5 h4 44. Rc8+ Ke7 45. Rh8 g5 46. a6 Rd7 47. Rh7+ Kd8 48. Rh5 Rd5 49. Kc4 Nb5 50. Rh6 Ke7
51. a7 Nxa7 52. Rh7+ Kf6 53. Rxa7 h3 54. b5 cxb5+ 55. Kxb5 h2 56. Ra1 g4 57. Kb6 Rxc5 58. Kxc5 g3
0-1

[Event "Happy New Year 2016!"]
[Site "SchemingMind.com"]
[Date "2016.01.09"]
[Round "-"]
[White "Scooter"]
[Black "emvarela"]
[Result "0-1"]
[WhiteCountry "USA"]
[BlackCountry "ARG"]
[WhiteElo "1677"]
[WhiteRD "48"]
[BlackElo "1720"]
[BlackRD "49"]
[GameID "393528"]

1. d4 Nf6 2. Nf3 d5 3. Bf4 e6 4. e3 Bd6 5. Bxd6 Qxd6 6. c3 Nc6 7. Bb5 Bd7 8. O-O a6 9. Bxc6 Bxc6 10. Nbd2 O-O
11. Re1 Nd7 12. e4 dxe4 13. Nxe4 Bxe4 14. Rxe4 Nf6 15. Re1 Rad8 16. h3 h6 17. Nd2 b5 18. Ne4 Nxe4 19. Rxe4 c5 20. Qc2 cxd4
21. Rxd4 Qc7 22. Rad1 Rxd4 23. Rxd4 Rd8 24. Qd3 Rxd4 25. Qxd4 f6 26. b3 Kf7 27. g3 Ke7 28. Kf1 e5 29. Qb4+ Qd6 30. Qxd6+ Kxd6
31. Ke2 Kd5 32. Ke3 f5 33. h4 g5 34. hxg5 hxg5 35. f3 a5 36. a3 a4 37. bxa4 bxa4 38. Kd3 Kc5 39. g4 fxg4 40. fxg4 Kd5
41. c4+ Kc5 42. Ke4 Kxc4 43. Kxe5 Kb3 44. Kd4 Kxa3 45. Kc3 Ka2 46. Kc2 a3
0-1

[Event "Happy New Year 2016!"]
[Site "SchemingMind.com"]
[Date "2016.01.10"]
[Round "-"]
[White "emvarela"]
[Black "Stephen Woodhouse"]
[Result "0-1"]
[WhiteCountry "ARG"]
[BlackCountry "ENG"]
[WhiteElo "1720"]
[WhiteRD "49"]
[BlackElo "1805"]
[BlackRD "50"]
[GameID "393529"]

1. e4 e6 2. d4 d5 3. Nc3 Nf6 4. Bg5 dxe4 5. Nxe4 Be7 6. Bxf6 Bxf6 7. Nxf6+ Qxf6 8. Nf3 O-O 9. Bd3 Nd7 10. c3 e5
11. dxe5 Nxe5 12. Nxe5 Qxe5+ 13. Qe2 Re8 14. Qxe5 Rxe5+ 15. Kd2 Bf5 16. Bxf5 Rxf5 17. f3 Rd8+ 18. Kc2 Kf8 19. Rad1 Rfd5 20. Rxd5 Rxd5
21. Rd1 Rxd1 22. Kxd1 Ke7 23. Kd2 Kd6 24. Kd3 Kd5 25. b4 b5 26. g3 f6 27. a3 g6 28. f4 f5 29. h3 h6 30. g4 fxg4
31. hxg4 Ke6 32. Ke4 h5 33. gxh5 gxh5 34. f5+ Kf6 35. Kf4 h4 36. Kg4 h3 37. Kxh3 Kxf5 38. Kg3 Ke4
0-1

[Event "Happy New Year 2016!"]
[Site "SchemingMind.com"]
[Date "2016.01.09"]
[Round "-"]
[White "Stephen Woodhouse"]
[Black "emvarela"]
[Result "0-1"]
[WhiteCountry "ENG"]
[BlackCountry "ARG"]
[WhiteElo "1814"]
[WhiteRD "48"]
[BlackElo "1709"]
[BlackRD "48"]
[GameID "393530"]

1. e4 e5 2. Nf3 Nc6 3. d4 exd4 4. Nxd4 Qf6 5. Be3 Bc5 6. Bc4 Bxd4 7. Bxd4 Qxd4 8. Bd3 Qxb2 9. Nd2 d6 10. O-O Ne5
11. f4 Qd4+ 12. Kh1 Bg4 13. Qb1 Nxd3 14. cxd3 b6 15. f5 a6 16. h3 Be2 17. Qc2 c5 18. Nf3 Qxd3
0-1

[Event "Happy New Year 2016!"]
[Site "SchemingMind.com"]
[Date "2016.01.14"]
[Round "-"]
[White "emvarela"]
[Black "frankly"]
[Result "0-1"]
[WhiteCountry "ARG"]
[BlackCountry "ENG"]
[WhiteElo "1709"]
[WhiteRD "48"]
[BlackElo "2443"]
[BlackRD "54"]
[GameID "393531"]

1. e4 c5 2. Nf3 Nc6 3. d4 cxd4 4. Nxd4 Nf6 5. Nxc6 bxc6 6. Nc3 e5 7. Bd3 Bb4 8. Bd2 O-O 9. a3 Bc5 10. b4 Bd4
11. Rb1 d5 12. Ne2 Bxf2+ 13. Kxf2 dxe4 14. Bc4 Ng4+ 15. Kg3 Qf6 16. Rf1 Qg6
0-1

[Event "Happy New Year 2016!"]
[Site "SchemingMind.com"]
[Date "2016.01.14"]
[Round "-"]
[White "frankly"]
[Black "emvarela"]
[Result "1-0"]
[WhiteCountry "ENG"]
[BlackCountry "ARG"]
[WhiteElo "2443"]
[WhiteRD "54"]
[BlackElo "1709"]
[BlackRD "48"]
[GameID "393532"]

1. d4 Nf6 2. Nf3 d5 3. c4 dxc4 4. e3 e6 5. Bxc4 c5 6. O-O Nc6 7. Qe2 cxd4 8. Rd1 Bc5 9. exd4 Be7 10. Nc3 O-O
11. d5 exd5 12. Nxd5 Nxd5 13. Bxd5 Qc7 14. Qe4 Bf6 15. Ng5 Bxg5 16. Bxg5 Bd7 17. Bf4 Qb6 18. b3 Rad8 19. Bd6 Rfe8 20. Qf4 Be6
21. Bc7
1-0

[Event "Happy New Year 2016!"]
[Site "SchemingMind.com"]
[Date "2016.01.14"]
[Round "-"]
[White "emvarela"]
[Black "DANDYLIONHONEYBADGER"]
[Result "1-0"]
[WhiteCountry "ARG"]
[BlackCountry "USA"]
[WhiteElo "1680"]
[WhiteRD "49"]
[BlackElo "1309"]
[BlackRD "68"]
[GameID "393533"]

1. e4 d5 2. exd5 Qxd5 3. Nc3 Qe5+ 4. Qe2 Nc6 5. Nf3 Qxe2+ 6. Bxe2 Bd7 7. a3 a6 8. O-O O-O-O 9. d3 e5 10. Be3 Bd6
11. Ne4 Be7 12. c3 Bg4 13. Rad1 Nf6 14. Nxf6 Bxf6 15. h3 Bxf3 16. Bxf3 Ne7 17. Bg4+ Kb8 18. f4 Nd5 19. Bc1 exf4 20. Bxf4 Rhe8
21. Bc1 Re7 22. Rde1 Bh4 23. Rxe7 Nxe7 24. d4 f6 25. Bf4 f5 26. Bf3 Ng6 27. Bd2 Re8 28. Bh5 Rf8 29. Bxg6 hxg6 30. Bf4 g5
31. g3 gxf4 32. gxh4 Re8 33. Rxf4 Re1+ 34. Kg2 Re2+ 35. Rf2 Rxf2+ 36. Kxf2 g6 37. Kf3 c6 38. Kf4 b5 39. h5 gxh5 40. Kxf5 Kc7
41. Kg5 Kd6 42. Kxh5 c5 43. dxc5+ Kxc5 44. Kg5 Kc4 45. h4 Kb3 46. h5 Kxb2 47. h6 a5 48. h7 Kxa3 49. h8=Q b4 50. cxb4 axb4
51. Qa1+ Kb3 52. Kf5 Kc4 53. Ke4 b3 54. Qb2 Kb4 55. Kd4 Ka4 56. Kc4 Ka5 57. Qxb3 Ka6 58. Kc5 Ka7 59. Kc6
1-0

[Event "Happy New Year 2016!"]
[Site "SchemingMind.com"]
[Date "2016.01.14"]
[Round "-"]
[White "DANDYLIONHONEYBADGER"]
[Black "emvarela"]
[Result "0-1"]
[WhiteCountry "USA"]
[BlackCountry "ARG"]
[WhiteElo "1335"]
[WhiteRD "77"]
[BlackElo "1684"]
[BlackRD "47"]
[GameID "393534"]

1. Nc3 e5 2. a3 d5 3. e4 Nf6 4. f3 dxe4 5. fxe4 Bg4 6. Nge2 Bxe2 7. Qxe2 Nc6 8. Nd5 Nxd5 9. exd5 Qxd5 10. c4 Qe6
11. g3 Nd4 12. Qe4 O-O-O 13. h4 f5 14. Bh3 h5 15. Qe3 Nc2+ 16. Ke2 Nxe3 17. dxe3 Qxc4+ 18. Kf2 Qc2+ 19. Kg1 Rd1+ 20. Bf1 Rxc1
21. Rxc1 Qxc1 22. Kh2 Qxb2+ 23. Bg2 Bd6 24. a4 e4 25. Kh3 Qe2 26. a5 Qg4+ 27. Kh2 Bxg3+ 28. Kg1 Qe2 29. Rh3 Qxe3+ 30. Kf1 Qf2#
0-1

[Event "Happy New Year 2016!"]
[Site "SchemingMind.com"]
[Date "2016.01.14"]
[Round "-"]
[White "emvarela"]
[Black "flyinduck"]
[Result "0-1"]
[WhiteCountry "ARG"]
[BlackCountry "CAN"]
[WhiteElo "1720"]
[WhiteRD "49"]
[BlackElo "2064"]
[BlackRD "54"]
[GameID "393535"]

1. e4 c5 2. Nf3 Nc6 3. d4 cxd4 4. Nxd4 Nf6 5. Nc3 e5 6. Nxc6 bxc6 7. Bg5 Be7 8. Bxf6 Bxf6 9. Bc4 O-O 10. O-O d6
11. Qe2 Qb6 12. Bb3 Ba6 13. Bc4 Bb7 14. Bb3 Rad8 15. Rad1 Rd7 16. Qd2 Rfd8 17. g3 h6 18. Kg2 d5 19. exd5 cxd5 20. Na4 Qc6
21. Nc3 d4+ 22. Nd5 Rxd5 23. Bxd5 Qxd5+ 24. f3 e4 25. Qf4 exf3+
0-1

[Event "Happy New Year 2016!"]
[Site "SchemingMind.com"]
[Date "2016.01.14"]
[Round "-"]
[White "flyinduck"]
[Black "emvarela"]
[Result "1-0"]
[WhiteCountry "CAN"]
[BlackCountry "ARG"]
[WhiteElo "2064"]
[WhiteRD "54"]
[BlackElo "1720"]
[BlackRD "49"]
[GameID "393536"]

1. d4 Nf6 2. c4 g6 3. Nc3 Bg7 4. e4 d6 5. Be2 O-O 6. Bg5 c5 7. d5 h6 8. Bf4 a6 9. Qd2 Kh7 10. a4 Nbd7
11. h3 Ng8 12. Nf3 f5 13. exf5 gxf5 14. Bd3 Ndf6 15. g4 e6 16. dxe6 Bxe6 17. O-O-O d5 18. cxd5 Bxd5 19. Bxf5+ Kh8 20. Nxd5 Nxd5
21. Qxd5 Qxd5 22. Rxd5 Rfe8 23. Rxc5 Re2 24. Rc2 Rxc2+ 25. Kxc2 Ne7 26. Nh4 Nxf5 27. Nxf5 Rc8+ 28. Kb1 Rc4 29. Rc1
1-0

[Event "Happy New Year 2016!"]
[Site "SchemingMind.com"]
[Date "2016.01.25"]
[Round "-"]
[White "CLewis73"]
[Black "Michal Drus"]
[Result "1-0"]
[WhiteCountry "ENG"]
[BlackCountry "POL"]
[WhiteElo "1733"]
[WhiteRD "70"]
[BlackElo "1410"]
[BlackRD "113"]
[GameID "394476"]

1. e4 c5 2. Nf3 d6 3. c3 g6 4. Be2 Nf6 5. O-O Nxe4 6. Qa4+ Bd7 7. Qxe4 Bc6 8. Qc2 Bg7 9. Rd1 O-O 10. d4 Nd7
11. d5 Ne5 12. dxc6 b5 13. Bxb5 Nxf3+ 14. gxf3 e6 15. Bf4 Qh4 16. Bg3 Qg5 17. Nd2 Be5 18. Ne4 Qf5 19. Qe2 d5 20. Nd2 Bxg3
21. fxg3 Qc2 22. Nb3 Qxe2 23. Bxe2 c4 24. Nd4 e5 25. Nc2 d4 26. cxd4
1-0

[Event "Happy New Year 2016!"]
[Site "SchemingMind.com"]
[Date "2016.01.25"]
[Round "-"]
[White "Michal Drus"]
[Black "CLewis73"]
[Result "0-1"]
[WhiteCountry "POL"]
[BlackCountry "ENG"]
[WhiteElo "1410"]
[WhiteRD "113"]
[BlackElo "1733"]
[BlackRD "70"]
[GameID "394477"]

1. e4 e6 2. d4 d5 3. Nc3 Bb4 4. Bd2 dxe4 5. Nxe4 Qxd4 6. c3 Qxe4+ 7. Qe2 Qxe2+ 8. Bxe2 Bd6 9. O-O-O Nf6 10. Nf3 O-O
11. Rhe1 b6 12. g3 Bb7 13. Bc4 Bxf3 14. Be2 Bb7 15. Bg5 Ne4 16. f4 Nxg5 17. fxg5 Nd7 18. Bb5 Ne5 19. b4 Nf3 20. Re2 Nxg5
21. g4 Bf3
0-1

[Event "Happy New Year 2016!"]
[Site "SchemingMind.com"]
[Date "2016.01.25"]
[Round "-"]
[White "Mortadulo"]
[Black "Michal Drus"]
[Result "1-0"]
[WhiteCountry "USA"]
[BlackCountry "POL"]
[WhiteElo "2185"]
[WhiteRD "76"]
[BlackElo "1410"]
[BlackRD "113"]
[GameID "394478"]

1. Nc3 e5 2. Nf3 Nc6 3. d4 Bb4 4. Nxe5 Nxe5 5. dxe5 Bxc3+ 6. bxc3 d6 7. Ba3 d5 8. e4 Qg5 9. Qxd5 Ne7 10. Qc5 b6
11. Bb5+ Bd7 12. Bxd7+ Kxd7 13. e6+
1-0

[Event "Happy New Year 2016!"]
[Site "SchemingMind.com"]
[Date "2016.01.25"]
[Round "-"]
[White "Michal Drus"]
[Black "Mortadulo"]
[Result "0-1"]
[WhiteCountry "POL"]
[BlackCountry "USA"]
[WhiteElo "1444"]
[WhiteRD "81"]
[BlackElo "2235"]
[BlackRD "73"]
[GameID "394479"]

1. e4 c5 2. Nf3 d6 3. d4 cxd4 4. Nxd4 Nf6 5. Nc3 a6 6. Bg5 e6 7. Qf3 Be7 8. O-O-O Qc7 9. h4 Nbd7 10. Bd3 h6
11. Bxf6 Bxf6 12. g4 Bxd4 13. g5 Bxc3 14. g6 Bf6 15. gxf7+ Kxf7 16. Rhg1 Ne5 17. Qg3 g5 18. h5 Bd7 19. f4 gxf4 20. Qg2 Qb6
21. Kb1 f3 22. Qg3 Nxd3 23. Rxd3 Qxb2#
0-1

[Event "Happy New Year 2016!"]
[Site "SchemingMind.com"]
[Date "2016.01.25"]
[Round "-"]
[White "emvarela"]
[Black "Michal Drus"]
[Result "1-0"]
[WhiteCountry "ARG"]
[BlackCountry "POL"]
[WhiteElo "1684"]
[WhiteRD "47"]
[BlackElo "1469"]
[BlackRD "70"]
[GameID "394480"]

1. e4 c5 2. Nf3 e6 3. d4 cxd4 4. Nxd4 Nc6 5. Nxc6 bxc6 6. Nc3 d5 7. exd5 cxd5 8. Bb5+ Bd7 9. Bxd7+ Qxd7 10. Qd4 Nf6
11. Qa4 Qxa4 12. Nxa4 Bd6 13. c3 Ng4 14. h3 Ne5 15. O-O O-O 16. Be3 Nc4 17. b3 Nxe3 18. fxe3 h5 19. Rfd1 g5 20. Nb2 f5
21. c4 Be5 22. Rab1 Rfd8 23. cxd5 Rxd5 24. Rxd5 exd5 25. Nd3 Bg3 26. Rd1 Kf7 27. Nb4 Re8 28. Nxd5 Rd8 29. Nc3 Re8 30. Rd3 g4
31. hxg4 hxg4 32. e4 Be1 33. Nb5 Bb4 34. exf5 a5 35. Kf2 Re5 36. Nd6+ Bxd6 37. Rxd6 Rxf5+ 38. Kg3 Rg5 39. Rd4 Kf6 40. Rxg4 Rxg4+
41. Kxg4 Kg6 42. a3 Kf6 43. b4 axb4 44. axb4
1-0

[Event "Happy New Year 2016!"]
[Site "SchemingMind.com"]
[Date "2016.01.25"]
[Round "-"]
[White "Michal Drus"]
[Black "emvarela"]
[Result "0-1"]
[WhiteCountry "POL"]
[BlackCountry "ARG"]
[WhiteElo "1469"]
[WhiteRD "70"]
[BlackElo "1684"]
[BlackRD "47"]
[GameID "394481"]

1. e4 e5 2. Nf3 Nc6 3. d4 exd4 4. Nxd4 Nxd4 5. Qxd4 Qf6 6. Be3 Qxd4 7. Bxd4 c5 8. Be5 d6 9. Bxd6 Bxd6 10. Bb5+ Bd7
11. Bxd7+ Kxd7 12. Nc3 Nf6 13. O-O-O Kc6 14. Rd2 Rhd8 15. Rhd1 Be7 16. Nd5 Nxd5 17. Rxd5 Rxd5 18. exd5+ Kd6 19. f4 Re8 20. g4 g6
21. c4 Bf6 22. g5 Bd4 23. h4 Be3+ 24. Kc2 Bxf4 25. Rf1 Re4 26. Kd3 Rd4+ 27. Kc3 Ke5 28. Re1+ Re4 29. Rd1 Kd6 30. a3 Re3+
31. Kc2 Be5 32. b4 Rc3+ 33. Kb2 Rxc4+ 34. Kb3 Rc3+ 35. Ka4 cxb4 36. Kxb4 Rh3 37. Rf1 Rxh4+ 38. Kb5 Ke7 39. Rd1 Rd4 40. Rxd4 Bxd4
41. Kc4 Be3 42. a4 Bxg5 43. Kc5 h5 44. d6+ Kd7
0-1